000 01422nam a22004217a 4500
001 BR2015003369
003 BR-BrBNA
005 20230928104646.0
007 ta
008 230509b bl.||||| |||| 00| 0 por d
040 _aBR-BrBNA
_bpor
_cBiblioteca Nacional de Agricultura
041 _a(Eng, Por)
072 _aL01; E16
_b5213
_b5212
090 _ 5213 BR2015003369
100 1 _aValadares Filho, S. de C. (ed.)
100 1 _aPaulino, M.F. (ed.)
100 1 _aPaulino, P.V.R. (ed.)
100 1 _aSilva, A.G. da (ed.)
100 1 _aPrados, L.F. (ed.)
100 1 _aBarros, L.V. de (ed.)
100 1 _aSilva, L.H.P. (ed.)
100 1 _aFonseca, M.A. (ed.)
100 1 _aBenedeti, P. Del B.
110 1 _aUniversidade Federal de Viçosa, MG (Brasil). Depto. de Zootecnia
_910993
111 1 _a8. Simcorte; Simpósio de Produção de Gado de Corte4. Simpósio Internacional de Produção de Gado de leite
_cViçosa, MG (Brazil)
_d07-09 Jun 2012
245 1 _aO encontro do boi verde-amarelo
260 3 _aViçosa, MG (Brasil):
_c2012.
300 _a327 p.
500 _aIncludes several bibliographies; Summary (Por); 43 illus.; 27 tables
650 _aGADO DE CORTE
650 _aGADO LEITEIRO
650 _aCADEIA PRODUTIVA
650 _aCUSTO DE PRODUÇÃO
650 _aBOVINOCULTURA
650 _aDESENVOLVIMENTO ECONÔMICO
909 _a202309
_bLucia
_c55
_dLucia Elande
942 _cBK
999 _c81071
_d81071